Hỏi-đáp về hợp tác kinh tế ASEAN
Sách được biên soạn dưới hình thức giáo trình, chi tiết cụ thể, có các câu hỏi ôn tập nhất là có các số liệu mới nhất 12/1996 và số liệu dự báo đến năm 2000. Sách cho cái nhìn tổng quan về chính sách kinh tế vĩ mô của các nước Đông...
Wedi'i Gadw mewn:
| Prif Awdur: | |
|---|---|
| Fformat: | Llyfr |
| Iaith: | Undetermined |
| Cyhoeddwyd: |
Hà Nội
Thế Giới
2000
|
| Pynciau: | |
| Tagiau: |
Ychwanegu Tag
Dim Tagiau, Byddwch y cyntaf i dagio'r cofnod hwn!
|
| Thư viện lưu trữ: | Trung tâm Học liệu Trường Đại học Cần Thơ |
|---|
| LEADER | 01260nam a2200229Ia 4500 | ||
|---|---|---|---|
| 001 | CTU_39993 | ||
| 008 | 210402s9999 xx 000 0 und d | ||
| 020 | |b 16.000đ | ||
| 082 | |a 330.95 | ||
| 082 | |b H103 | ||
| 100 | |a Trần, Thanh Hải | ||
| 245 | 0 | |a Hỏi-đáp về hợp tác kinh tế ASEAN | |
| 245 | 0 | |c Trần Thanh Hải | |
| 260 | |a Hà Nội | ||
| 260 | |b Thế Giới | ||
| 260 | |c 2000 | ||
| 520 | |a Sách được biên soạn dưới hình thức giáo trình, chi tiết cụ thể, có các câu hỏi ôn tập nhất là có các số liệu mới nhất 12/1996 và số liệu dự báo đến năm 2000. Sách cho cái nhìn tổng quan về chính sách kinh tế vĩ mô của các nước Đông Nam á, nhất là kinh tế các nước ASEAN, những thành công và chưa thành công trên con đường thực hiện chiến lược kinh tế trong từng thời kỳ | ||
| 650 | |a International economic relations,Asean,Economic geography,Economics | ||
| 650 | |x Economics aspects | ||
| 650 | |z Southest Asia | ||
| 904 | |i Minh, 001215 | ||
| 980 | |a Trung tâm Học liệu Trường Đại học Cần Thơ | ||